Normal view
MARC view
Entry Personal Name
001 - CONTROL NUMBER
- control field: 14263
003 - CONTROL NUMBER IDENTIFIER
- control field: ARRUPE
005 - DATE AND TIME OF LATEST TRANSACTION
- control field: 20150120130152.0
008 - FIXED-LENGTH DATA ELEMENTS
- fixed length control field: 150120|| aca||aabn | a|a d
040 ## - CATALOGING SOURCE
- Original cataloging agency: ARRUPE
- Transcribing agency: ARRUPE
100 ## - HEADING--PERSONAL NAME
- Personal name: Kipling, J. J.
- Fuller form of name: (John Jervis),
- Relator term: joint ed.
670 ## - SOURCE DATA FOUND
- Source citation: Work cat.: (ARRUPE)0: Hurd, David Leonard, ed. 14261, The origins and growth of physical science., [1964]